000 00623nam a2200193 i 4500
001 118733
003 ES-MaACL
005 20230906191149.0
007 t|
008 070214s1910 it r ||||1| ita d
100 1 _aPetrarca, Francesco.
_991528
245 1 3 _aLe rime di Francesco Petrarca di sugli originali /
_cFrancesco Petrarca ; commentate da Giosue Carducci e Severino Ferrari.
250 _aNuova tiratura.
260 _aFirenze :
_b[s.n.],
_c1910.
300 _aXLV, 548 p. ;
_c19 cm.
700 1 _aCarducci, Giosuè (
_d1835-1907)
_935212
700 1 _aFerrari, Severino.
_950317
852 _aES-MaACL
_jC-3425
999 _c118733
_d118733